Normal view
MARC view
- Harding, Walter,
Entry Personal Name
001 - CONTROL NUMBER
- control field: 153624
003 - CONTROL NUMBER IDENTIFIER
- control field: DLC
005 - DATE AND TIME OF LATEST TRANSACTION
- control field: 20260413173010.0
008 - FIXED-LENGTH DATA ELEMENTS
- fixed length control field: 801105n| azannaabn |a aaa
010 ## - LIBRARY OF CONGRESS CONTROL NUMBER
- LC control number: n 80057401
- Canceled/invalid LC control number: n 80149263
035 ## - SYSTEM CONTROL NUMBER
- System control number: (OCoLC)oca00439137
040 ## - CATALOGING SOURCE
- Original cataloging agency: DLC
- Language of cataloging: eng
- Description conventions: rda
- Transcribing agency: DLC
- Modifying agency: MCo
- Modifying agency: NNMM
- Modifying agency: DLC
- Modifying agency: MoSU
- Modifying agency: DLC
046 ## - SPECIAL CODED DATES
- Birth date: 1917
- Death date: 1996
100 1# - HEADING--PERSONAL NAME
- Personal name: Harding, Walter,
- Dates associated with a name: 1917-1996
370 ## - ASSOCIATED PLACE
- Place of birth: Bridgewater (Mass.)
- Other associated place: Geneseo (N.Y.)
- Source of term: naf
373 ## - ASSOCIATED GROUP
- Associated group: State University of New York College, Geneseo
- Source of term: naf
374 ## - OCCUPATION
- Occupation: English teachers
- Occupation: College teachers
- Source of term: lcsh
375 ## - GENDER
- Gender: male
377 ## - ASSOCIATED LANGUAGE
- Language code: eng
400 1# - SEE FROM TRACING--PERSONAL NAME
- Control subfield: nne
- Personal name: Harding, Walter Roy,
- Dates associated with a name: 1917-1996
400 1# - SEE FROM TRACING--PERSONAL NAME
- Control subfield: nne
- Personal name: Harding, Walter Roy,
- Dates associated with a name: 1917-
670 ## - SOURCE DATA FOUND
- Source citation: A checklist of Thoreau's lectures, 1948:
- Information found: title page (Walter Harding)
670 ## - SOURCE DATA FOUND
- Source citation: The days of Henry Thoreau, 1982:
- Information found: t.p. (Walter Harding)
670 ## - SOURCE DATA FOUND
- Source citation: Tribute to Walter Harding, 1996:
- Information found: p. 1, etc. (d. Apr. 10, 1996, Geneseo, N.Y.)
670 ## - SOURCE DATA FOUND
- Source citation: Wikipedia, viewed October 28, 2013
- Information found: (Walter Harding (1917-1996); distinguished professor of English at the State University of New York at Geneseo and internationally recognized scholar of the life and work of Henry David Thoreau; born in Bridgewater, Massachusetts)



